[Event "38th Rilton Cup 2008-9"]
[Site "Stockholm SWE"]
[Date "2009.01.05"]
[Round "9"]
[White "Nithander,V"]
[Black "Kuzubov,Y"]
[Result "0-1"]
[WhiteElo "2365"]
[BlackElo "2622"]

1.e4 c5 2.Nf3 d6 3.d4 cxd4 4.Nxd4 Nf6 5.Nc3 a6 6.Be3 g6 7.Be2 Bg7 8.f4 O-O
9.O-O Nbd7 10.Bf3 Qc7 11.Qe2 e5 12.Nb3 b5 13.a3 Bb7 14.Rad1 exf4 15.Bxf4 Ne5
16.Bxe5 dxe5 17.Qe3 Rac8 18.Rf2 Rfd8 19.Rdf1 Rd6 20.Be2 Qb6 21.Qxb6 Rxb6
22.Bd3 Rc7 23.Re2 Bf8 24.a4 b4 25.a5 Re6 26.Na4 Kg7 27.Nb6 Nd7 28.Nxd7 Rxd7
29.Bc4 Rf6 30.Rxf6 Kxf6 31.Bd3 Rc7 32.Kf2 h5 33.Re1 Ke6 34.Nd2 f5 35.Nf3 f4
36.h4 Be7 37.Ke2 Rc5 38.Ra1 Rc6 39.b3 Bd6 40.Ra2 Kf6 41.Ra1 Bc5 42.Ra4 Rd6
43.Ng5 Bc6 44.Ra1 Bd4 45.Ra2 Bd7 46.Nh7+ Kg7 47.Ng5 Bc3 48.Kf1 Bg4 49.Kf2 Kf6
50.Kf1 Ke7 51.Kf2 Bd1 52.Nf3 Bxf3 53.Kxf3 Kf6 54.Bc4 g5 55.hxg5+ Kxg5 56.Bd5 Rxd5
57.exd5 Kf5  0-1

[Event "38th Rilton Cup 2008-9"]
[Site "Stockholm SWE"]
[Date "2009.01.05"]
[Round "9"]
[White "Hirneise,T"]
[Black "Hedman,E"]
[Result "1/2-1/2"]
[WhiteElo "2440"]
[BlackElo "2353"]

1.e4 c5 2.Nf3 d6 3.d4 cxd4 4.Nxd4 Nf6 5.Nc3 a6 6.Be3 Ng4 7.Bg5 h6 8.Bh4 g5
9.Bg3 Bg7 10.h3 Nf6 11.Bc4 b5 12.Bb3 b4 13.Na4 e6 14.Qe2 Bb7 15.O-O-O Nxe4
16.Bxe6 O-O 17.Bb3 Qa5 18.Qg4 Nxg3 19.fxg3 Nc6 20.Nf5 Bc8 21.Rd5 Qd8 22.Qd1 Bxf5
23.Rxf5 Nd4 24.Rd5 Nxb3+ 25.axb3 Be5 26.Qd3 Re8 27.Rf1 Rc8 28.Kb1 Rc6 29.Qf3 Qc7
30.Rd2 Re6 31.Qd3 d5 32.Rdf2 Bf6 33.g4 d4 34.Re2 Kg7 35.Rfe1 Be5 36.Re4 Qd6
37.R4e2 Qd5 38.Qe4 Qxe4 39.Rxe4 f6 40.R4e2 Red6 41.Rd1 Rc7 42.Rd3 Rdc6 43.Rd1 Kg6
44.Rd3 Kg7 45.Rd1  1/2-1/2

[Event "6th ch-Mediterranean"]
[Site "Antalya TUR"]
[Date "2009.01.11"]
[Round "2"]
[White "Parligras,M"]
[Black "Odeev,H"]
[Result "1/2-1/2"]
[WhiteElo "2605"]
[BlackElo "2408"]

1.e4 c5 2.Nf3 d6 3.d4 cxd4 4.Nxd4 Nf6 5.Nc3 a6 6.Be3 e5 7.Nb3 Be6 8.Qd2 Nbd7
9.O-O-O Rc8 10.f4 Qc7 11.f5 Bc4 12.Kb1 b5 13.Bd3 Be7 14.h3 O-O 15.g4 b4 16.Ne2 d5
17.g5 Nxe4 18.Bxe4 dxe4 19.Ng3 Rfd8 20.Qg2 Bxb3 21.axb3 Bc5 22.Rhe1  1/2-1/2

[Event "7th Parsvnath Open"]
[Site "New Delhi IND"]
[Date "2009.01.11"]
[Round "1"]
[White "Kannan,S"]
[Black "Suvrajit,S"]
[Result "0-1"]
[WhiteElo "1784"]
[BlackElo "2368"]

1.e4 c5 2.Nf3 d6 3.d4 cxd4 4.Nxd4 Nf6 5.Nc3 a6 6.Be3 e5 7.Nb3 Be6 8.Qd2 Be7
9.O-O-O Ng4 10.Kb1 Nd7 11.Nd5 Bxd5 12.exd5 O-O 13.h3 Nxe3 14.Qxe3 Bg5 15.Qe1 f5
16.g3 h5 17.f3 h4 18.gxh4 Bxh4 19.Qb4 Nb6 20.Qd2 Bg5 21.Qg2 Qf6 22.Rg1 Be3
23.Rh1 Rfc8 24.h4 a5 25.Qe2 Nc4 26.Rd3 e4 27.Rxe3 Na3+  0-1

[Event "7th Parsvnath Open"]
[Site "New Delhi IND"]
[Date "2009.01.11"]
[Round "2"]
[White "Sethuraman,S"]
[Black "Deepthamsh,R"]
[Result "1-0"]
[WhiteElo "2415"]
[BlackElo "2110"]

1.e4 c5 2.Nf3 d6 3.d4 cxd4 4.Nxd4 Nf6 5.Nc3 a6 6.Be3 e5 7.Nb3 Be6 8.Qd2 Be7
9.O-O-O Ng4 10.g3 O-O 11.f4 Nxe3 12.Qxe3 Nd7 13.Kb1 b5 14.f5 Bxb3 15.axb3 Nb6
16.h4 Qc7 17.Rh2 Rfd8 18.g4 b4 19.Na4 Nxa4 20.bxa4 Qc6 21.g5 d5 22.exd5 Rxd5
23.Rxd5 Qxd5 24.Bd3 Qd4 25.Qf3 Rb8 26.f6 e4 27.Qxe4 Qxe4 28.Bxe4 gxf6 29.gxf6 Bxf6
30.Rg2+ Kh8 31.Ka2 h6 32.Rg4 a5 33.Bd5 Rf8 34.Rf4 Kg7 35.Kb3 Be5 36.Rc4 Rd8
37.Rc5 Bc7 38.Bxf7 Bd6 39.Rf5 Rf8 40.Rd5 Be7 41.Be6 Rd8 42.Rxa5 Bxh4 43.Kxb4 Be7+
44.Kb3 Kf6 45.Bc4 Rb8+ 46.Rb5 Ra8 47.a5 Bd8 48.Ka4 Rc8 49.Bd3 Ke7 50.Rh5 Rc6
51.b4 Rd6 52.Bb5 Rf6 53.Rd5 Rd6 54.Re5+ Re6 55.Rxe6+ Kxe6 56.Be2 Kd6 57.c4 Bg5
58.Bf3 Kc7 59.Kb5 Bd2 60.c5 Be1 61.Kc4  1-0

[Event "Open A"]
[Site "Prague CZE"]
[Date "2009.01.13"]
[Round "6"]
[White "Rasik,V"]
[Black "Houriez,C"]
[Result "1-0"]
[WhiteElo "2445"]
[BlackElo "2261"]

1.e4 c5 2.Nf3 d6 3.d4 Nf6 4.Nc3 cxd4 5.Nxd4 a6 6.Be3 e5 7.Nb3 Be6 8.f3 Nbd7
9.g4 Nb6 10.g5 Nh5 11.Qd2 Rc8 12.O-O-O Be7 13.Rg1 Qc7 14.Qf2 Bd8 15.f4 Nxf4
16.Bxf4 exf4 17.Nd5 Qc6 18.Nxf4 O-O 19.Kb1 Na4 20.Nd5 Bxd5 21.exd5 Qb6 22.Qxb6 Nxb6
23.h4 Nc4 24.Bh3 Rc7 25.Rge1 g6 26.Nd4 Ne5 27.Re3 h6 28.Rg1 hxg5 29.hxg5 Kg7
30.b3 Rh8 31.c4 Rh4 32.Ne2 Rf4 33.Nxf4  1-0

[Event "ch-BLR"]
[Site "Minsk BLR"]
[Date "2009.01.14"]
[Round "2"]
[White "Zhigalko,A"]
[Black "Podolchenko,E"]
[Result "1-0"]
[WhiteElo "2572"]
[BlackElo "2475"]

1.e4 c5 2.Nf3 d6 3.d4 cxd4 4.Nxd4 Nf6 5.Nc3 a6 6.Be3 e5 7.Nb3 Be6 8.f3 h5
9.Be2 Nbd7 10.a4 Rc8 11.O-O Be7 12.a5 h4 13.Qd2 g6 14.Nc1 Qc7 15.Rd1 Kf8
16.Ra4 Qc6 17.Ra1 Qc7 18.Ra4 Qc6 19.Ra3 Bc4 20.Bxc4 Qxc4 21.Ra4 Qc7 22.Qf2 Nc5
23.Rc4 Kg7 24.Nb3 Rcd8 25.h3 Rd7 26.Bg5 Qd8 27.Nxc5 dxc5 28.Rxd7 Nxd7 29.Bxe7 Qxe7
30.Nd5 Qg5 31.Qe1 Rc8 32.Rc3 Rc6 33.Rb3 Nf6 34.Rxb7 Nxd5 35.exd5 Rf6 36.Re7 Rf5
37.d6 c4 38.Re8 Rf6 39.Rxe5 Qf4 40.Qc3 Kh7 41.Re4 Qg5 42.Qd4  1-0

[Event "Bela Perenyi Mem"]
[Site "Budapest HUN"]
[Date "2009.01.15"]
[Round "7"]
[White "Kormos,Ad"]
[Black "Kislik,E"]
[Result "0-1"]
[WhiteElo "2176"]
[BlackElo "2310"]

1.e4 c5 2.Nf3 d6 3.d4 cxd4 4.Nxd4 Nf6 5.Nc3 a6 6.Be3 e5 7.Nb3 Be6 8.Be2 Be7
9.O-O O-O 10.a4 Nbd7 11.a5 Qc7 12.f4 exf4 13.Bxf4 Nc5 14.Bf3 b6 15.Be3 Bxb3
16.cxb3 bxa5 17.e5 dxe5 18.Bxa8 Rxa8 19.Rxf6 gxf6 20.Nd5 Qd8 21.Qg4+ Kh8
22.Bh6 Ne6 23.Rd1 Ra7 24.Nc3 Qg8 25.Qh5 Qg6 26.Qh3 Ra8 27.Rd3 Rd8 28.Rg3 Bc5+
29.Be3 Nf4 30.Rxg6 Nxh3+ 31.Kf1 hxg6 32.Bxc5 Nf4 33.Be7 Rd2 34.Bxf6+ Kg8
35.Bxe5 Nxg2 36.Ne4 Rc2 37.Nf6+ Kf8 38.Bd6+ Kg7 39.Be5 Kh6 40.Ne4 g5 41.Bf6 Kg6
42.Bxg5 f5 43.Nf2 Kxg5 44.Kxg2 Rxb2  0-1

[Event "Bela Perenyi Mem"]
[Site "Budapest HUN"]
[Date "2009.01.17"]
[Round "9"]
[White "Kormos,Ad"]
[Black "Imre,J1"]
[Result "1-0"]
[WhiteElo "2176"]
[BlackElo "2125"]

1.e4 c5 2.Nf3 d6 3.d4 cxd4 4.Nxd4 Nf6 5.Nc3 a6 6.Be3 e5 7.Nb3 Be7 8.Be2 O-O
9.a4 Be6 10.O-O Nbd7 11.a5 Rc8 12.f4 Rxc3 13.bxc3 Nxe4 14.Qe1 Qc7 15.f5 Bd5
16.c4 Bxc4 17.Bxc4 Qxc4 18.Nd2 Nxd2 19.Qxd2 Nf6 20.Qd3 Qc6 21.Rfb1 d5 22.Rb6 Qc8
23.h3 d4 24.Bg5 e4 25.Qg3 Qd8 26.Rd1 d3 27.Kh2 Nh5 28.Bxe7 Qxe7 29.Qd6 dxc2
30.Rc1 Qh4 31.Rxc2 Rd8 32.Qc7 h6 33.Rxb7 Rf8 34.Rb8 Nf6 35.Rxf8+ Kxf8 36.Qd8+  1-0

[Event "TCh-BEL 2008-9"]
[Site "Belgium BEL"]
[Date "2009.01.18"]
[Round "7"]
[White "Popovic,Pe"]
[Black "Piceu,T"]
[Result "0-1"]
[WhiteElo "2489"]
[BlackElo "2379"]

1.e4 c5 2.Nf3 d6 3.d4 cxd4 4.Nxd4 Nf6 5.Nc3 a6 6.Be3 e5 7.Nf3 Be7 8.Bc4 O-O
9.O-O Nbd7 10.a4 b6 11.Qe2 Bb7 12.Nd2 Qc7 13.Bg5 h6 14.Bxf6 Nxf6 15.Rfd1 Rfc8
16.Bb3 Qc5 17.Nc4 Rc7 18.Ne3 Rd7 19.Ncd5 Bxd5 20.Bxd5 Raa7 21.Rd3 b5 22.g3 Bd8
23.c3 Bb6 24.a5 Bd8 25.Nc2 g6 26.Nb4 Rdc7 27.Bb3 Kg7 28.Nd5 Nxd5 29.Rxd5 Qc6
30.Qd3 Be7 31.h4 h5 32.Kg2 Ra8 33.Rd1 Rb8 34.Qf3 Rf8 35.R1d2 Qe8 36.Qe3 Qc8
37.Bd1 Rc6 38.R2d3 Qc7 39.b4 Rc8 40.Qf3 Rxc3 41.Bb3 Bf6 42.Rxd6 Qxd6 43.Rxc3 Rxc3
44.Qxc3 Be7 45.Bd5 Qxb4 46.Qxe5+ Bf6 47.Qc7 Qe7 48.Qb6 Bc3 49.Qxa6 Qc7 50.e5 Qxe5
51.Qxb5 Bd4 52.Qb3 Qe7 53.a6 Qa7 54.Qf3 Qe7 55.Bc4 Qa7 56.Qf4 Bf6 57.Qe4 Bd4  0-1

[Event "GM"]
[Site "Marianske Lazne CZE"]
[Date "2009.01.18"]
[Round "2"]
[White "Biolek,R1"]
[Black "Hedman,E"]
[Result "0-1"]
[WhiteElo "2406"]
[BlackElo "2367"]

1.e4 c5 2.Nf3 d6 3.d4 cxd4 4.Nxd4 Nf6 5.Nc3 a6 6.Be3 Ng4 7.Bg5 h6 8.Bh4 g5
9.Bg3 Bg7 10.Be2 h5 11.Nf5 Bxf5 12.exf5 Qa5 13.O-O Bxc3 14.Bxg4 hxg4 15.bxc3 Qxf5
16.Rb1 Nc6 17.Rxb7 Rd8 18.Qe2 Ne5 19.Qxa6 Kf8 20.Qb5 f6 21.Qe2 Kf7 22.Rfb1 Ra8
23.Qd2 Qe6 24.Re1 Rxa2 25.Bxe5 dxe5 26.Rb4 Rha8 27.Rbe4 Rc8 28.g3 Ra3 29.R4e3 Qc4
30.Re4 Qe6 31.R4e3 Kg6 32.Rb1 Qc6 33.Rb3 Ra1+ 34.Re1 Rd8 35.Qe2 Qf3 36.Qf1 Rxe1  0-1

[Event "ch-AZE"]
[Site "Baku AZE"]
[Date "2009.01.20"]
[Round "8"]
[White "Mamedov,Nid"]
[Black "Guliev,L"]
[Result "1-0"]
[WhiteElo "2607"]
[BlackElo "2470"]

1.e4 c5 2.Nf3 d6 3.d4 cxd4 4.Nxd4 Nf6 5.Nc3 a6 6.Be3 e6 7.f3 b5 8.Qd2 b4
9.Nce2 d5 10.e5 Nfd7 11.f4 Bc5 12.O-O-O Qc7 13.Kb1 O-O 14.g4 Nc6 15.Nxc6 Qxc6
16.Nd4 Qb6 17.g5 a5 18.h4 a4 19.h5 b3 20.g6 bxa2+ 21.Ka1 Rb8 22.Qc1 fxg6
23.hxg6 hxg6 24.Bh3 Re8 25.Rhg1 Nf8 26.Rge1 Re7 27.c3 Reb7 28.Rd2 a3 29.b4 Bxb4
30.cxb4 Qxb4 31.Rxa2 Bd7 32.Rg1 Ra8 33.Bg4 Bb5 34.Nxb5 Rxb5 35.Be2 Rbb8 36.Qd2 Qa4
37.Rb1 Rxb1+ 38.Kxb1 g5 39.fxg5 Qe4+ 40.Ka1 Rb8 41.Qd3 Qxe5+ 42.Qd4 Qf5 43.Bd3 Qf3
44.Rxa3 e5 45.Qc5 Ne6 46.Qc6 Nf8 47.Bc1 Qf7 48.Bb1 Ne6 49.Qxd5 Nxg5 50.Ba2  1-0

[Event "ch-PriFO"]
[Site "Kazan RUS"]
[Date "2009.01.21"]
[Round "1"]
[White "Fedotov,I"]
[Black "Gerasimov,I"]
[Result "1/2-1/2"]
[WhiteElo "2063"]
[BlackElo "2342"]

1.e4 c5 2.Nf3 d6 3.d4 cxd4 4.Nxd4 Nf6 5.Nc3 a6 6.Be3 e5 7.Nb3 Be6 8.f3 Be7
9.Qd2 O-O 10.O-O-O Nbd7 11.g4 b5 12.g5 b4 13.Ne2 Ne8 14.Kb1 a5 15.h4 a4 16.Nbc1 Qb8
17.f4 exf4 18.Nxf4 Nc7 19.Nd5 Bxd5 20.exd5 Ra5 21.Bg2 Nb6 22.Bxb6 Qxb6 23.Be4 f5
24.Bf3 Na6 25.Qe2 Rf7 26.Rd3 Bf8 27.Re3 Nc7 28.Qd3 Nxd5 29.Bxd5 Rxd5 30.Qxd5 Qxe3
31.Qb5 Qe4 32.Rf1 a3 33.Nd3 axb2 34.Rf4 Qh1+ 35.Kxb2 g6 36.Rxb4 Bg7+ 37.c3 Rf8
38.Nf4 Qe1 39.Qc4+ Kh8 40.Nd5 Qd2+ 41.Kb3 Qd1+ 42.Kb2 Qd2+ 43.Kb3 Ra8 44.Ra4 Qd1+
45.Ka3 Qc1+ 46.Kb3 Qb1+ 47.Ka3 Rb8 48.Rb4 Qc1+ 49.Kb3 Ra8 50.Ra4 Rf8 51.Ra7 Qb1+
52.Ka4 Qc2+ 53.Ka5 Qb2 54.Qc7 Qxa2+ 55.Kb4 Qb2+ 56.Ka4 Qc2+ 57.Ka3 Qc1+ 58.Kb3 Qd1+
59.Ka3 Rg8 60.Nf6 Qa1+  1/2-1/2

[Event "1st Open"]
[Site "Gurgon IND"]
[Date "2009.01.22"]
[Round "3"]
[White "Debashis,D"]
[Black "Areshchenko,A"]
[Result "0-1"]
[WhiteElo "2365"]
[BlackElo "2673"]

1.e4 c5 2.Nf3 d6 3.d4 cxd4 4.Nxd4 Nf6 5.Nc3 a6 6.Be3 e5 7.Nb3 Be6 8.Qd2 Nbd7
9.f3 h5 10.a4 Rc8 11.Be2 Nb6 12.O-O Be7 13.a5 Nc4 14.Bxc4 Rxc4 15.Rfd1 Qc7
16.Bg5 O-O 17.Bxf6 Bxf6 18.Qxd6 Qxd6 19.Rxd6 Rfc8 20.Rb6 R8c7 21.Rd1 Be7
22.h3 h4 23.Rd3 Rb4 24.Rxb4 Bxb4 25.Na2 Be7 26.Nc3 Kf8 27.Kf2 Ke8 28.Ke1 Bc4
29.Rd2 Bb4 30.Kd1 Rc6 31.Kc1 Rg6 32.Rf2 Kf8 33.Kd1 Rd6+ 34.Kc1 Rc6 35.Kd1 Bxc3
36.bxc3 Ke7 37.Rd2 Rd6 38.Rxd6 Kxd6 39.Nd2 Kc5 40.Kc1 Kb5 41.Kb2 Be2 42.Kb3 f6
43.Ka3 Kxa5 44.Kb3 Kb5 45.Ka3 Kc5 46.Kb3 Kd6 47.Kb4 b6 48.Ka4 Ke6 49.Kb4 Kf7
50.c4 Kg6 51.c5 bxc5+ 52.Kxc5 Kg5 53.c4 Kf4 54.Kb4 Kg3  0-1

[Event "Queenstown Classic"]
[Site "Queenstown NZL"]
[Date "2009.01.22"]
[Round "8"]
[White "Davis,J"]
[Black "Anton,S"]
[Result "1-0"]
[WhiteElo "1955"]
[BlackElo "1682"]

1.e4 c5 2.Nf3 d6 3.d4 cxd4 4.Nxd4 Nf6 5.Nc3 a6 6.Be3 b5 7.f3 e6 8.g4 Nfd7
9.h4 Nb6 10.Qd2 Bb7 11.Qf2 N8d7 12.Bd3 b4 13.Nce2 d5 14.exd5 Nxd5 15.Bg5 Be7
16.Bd2 Nc5 17.Bc4 Qc7 18.O-O-O Rc8 19.Kb1 Na4 20.Bb3 Nc5 21.Bxd5 Bxd5 22.Bxb4 Nd3
23.Rxd3 Bxb4 24.Nc1 O-O 25.h5 a5 26.h6 g6 27.Nb5 Qb7 28.Qd4 f6 29.Nc3 Rc4
30.Qe3 Bc5 31.Qe2 Rxc3 32.Rxc3 Bd4 33.Rb3 Bxb3 34.Nxb3 Be5 35.Qc4 Rb8 36.Qxe6+ Kh8
37.Re1 Qb5 38.a4 Qb7 39.f4 Qb4 40.Rxe5  1-0

[Event "1st Open"]
[Site "Gurgon IND"]
[Date "2009.01.23"]
[Round "4"]
[White "Areshchenko,A"]
[Black "Ashwin,J"]
[Result "1-0"]
[WhiteElo "2673"]
[BlackElo "2428"]

1.e4 c5 2.Nf3 d6 3.d4 cxd4 4.Nxd4 Nf6 5.Nc3 a6 6.Be3 e6 7.Be2 Qc7 8.O-O Be7
9.f4 Nc6 10.Kh1 O-O 11.Qe1 Nxd4 12.Bxd4 b5 13.a3 Bb7 14.Qg3 Rad8 15.Rae1 Rd7
16.Bd3 Qd8 17.Qh3 g6 18.Nd1 Nh5 19.Bc3 Bf6 20.e5 dxe5 21.fxe5 Bg5 22.Qg4 Bh6
23.Be4 Bxe4 24.Rxe4 Qc7 25.Qe2 Rfd8 26.Ne3 Bxe3 27.Rxe3 Ng7 28.g4 Rd5 29.Ref3 R8d7
30.Qe4 Rd1 31.Rxf7 Nf5 32.Rxd7 Rxf1+ 33.Kg2 Qxd7 34.Kxf1 Qd1+ 35.Kf2 Ne7
36.Qa8+ Kg7 37.Qa7 Qxc2+ 38.Kg3 Kf7 39.Bb4 Qd3+ 40.Kh4 Qd8 41.Bd6 Ke8 42.Kh3 Nd5
43.Qxa6 Qd7 44.Qa8+ Qd8 45.Qb7 Nf4+ 46.Kg3 Ne2+ 47.Kf3 Nd4+ 48.Ke4  1-0

[Event "IMA"]
[Site "Marianske Lazne CZE"]
[Date "2009.01.23"]
[Round "8"]
[White "Rojicek,V"]
[Black "Kersten,U"]
[Result "0-1"]
[WhiteElo "2375"]
[BlackElo "2259"]

1.e4 c5 2.Nf3 d6 3.d4 cxd4 4.Nxd4 Nf6 5.Nc3 a6 6.Be3 e5 7.Nb3 Be6 8.f3 Be7
9.Qd2 O-O 10.O-O-O Nbd7 11.g4 b5 12.g5 b4 13.Ne2 Ne8 14.f4 a5 15.f5 a4 16.fxe6 axb3
17.exf7+ Rxf7 18.Kb1 bxc2+ 19.Qxc2 Bxg5 20.Bxg5 Qxg5 21.Ng3 Kh8 22.Bc4 Rf8
23.Nf5 Qd8 24.h4 Nc5 25.b3 Qc7 26.h5 Rxf5 27.exf5 h6 28.Bd5 Ra7 29.Rh4 Qa5
30.Qd2 e4 31.Bxe4 Nf6 32.Qc2 Ncxe4 33.Rd3 Nc3+ 34.Rxc3 bxc3 35.Ra4 Qb6 36.Rxa7 Qxa7
37.Qxc3 Qf2 38.Qd3 d5 39.a4 d4 40.a5 Qe1+ 41.Kb2 Qxa5 42.Qxd4 Qxf5 43.b4 Qxh5  0-1

[Event "GM"]
[Site "Marianske Lazne CZE"]
[Date "2009.01.23"]
[Round "9"]
[White "Kurmann,O"]
[Black "Hedman,E"]
[Result "1/2-1/2"]
[WhiteElo "2415"]
[BlackElo "2367"]

1.e4 c5 2.Nf3 d6 3.d4 cxd4 4.Nxd4 Nf6 5.Nc3 a6 6.Be3 Ng4 7.Bc4 Nxe3 8.fxe3 e6
9.O-O Nc6 10.Nxc6 bxc6 11.Qf3 Ra7 12.Rad1 Qg5 13.Na4 Rc7 14.Bb3 d5 15.c4 dxe4
16.Qxe4 Bb7 17.Qf4 Qxf4 18.exf4 g6 19.c5 Rd7 20.Rf3 Bg7 21.Rfd3 Rxd3 22.Rxd3 Ke7
23.Kf2 Rd8 24.Ke3 Rxd3+ 25.Kxd3 h6 26.Bc4 f5 27.b4 g5 28.g3 e5 29.fxe5 Bxe5
30.Ke3 Kf6 31.Bf1 g4 32.Nb6 Bc3 33.a3 a5 34.bxa5 Bxa5 35.Nc4 Bc7 36.Nd6 Bxd6
37.cxd6 Ke6 38.Bd3 Bc8 39.Kf4 Kxd6 40.Bxf5 Bxf5 41.Kxf5 Kc5 42.Kxg4 Kc4 43.Kf3 Kb3
44.a4 Kxa4 45.g4 c5 46.h4 c4 47.g5 hxg5 48.hxg5 c3 49.Ke2 Kb3 50.g6 c2  1/2-1/2

[Event "Queenstown Classic"]
[Site "Queenstown NZL"]
[Date "2009.01.23"]
[Round "9"]
[White "Schon,E"]
[Black "Neudel,B"]
[Result "1-0"]
[WhiteElo "2115"]
[BlackElo "1946"]

1.e4 c5 2.Nf3 d6 3.d4 cxd4 4.Nxd4 Nf6 5.Nc3 a6 6.Be3 e6 7.f3 Be7 8.g4 h6
9.Qd2 Qc7 10.O-O-O Nc6 11.h4 Nd7 12.Be2 Nce5 13.g5 hxg5 14.hxg5 Rxh1 15.Rxh1 Nf8
16.f4 Nc4 17.Bxc4 Qxc4 18.f5 Bd7 19.Qf2 f6 20.fxe6 Bxe6 21.Nf5 Bxf5 22.Qxf5 Qe6
23.Qa5 Bd8 24.Qb4 b5 25.Rd1 Be7 26.gxf6 gxf6 27.Nd5 Rc8 28.Bf4 Rc4 29.Qxc4 bxc4
30.Nc7+ Kf7 31.Nxe6 Kxe6 32.Rd4 Ng6 33.Bg3 Ne5 34.Bxe5 fxe5 35.Rxc4 a5 36.Rc8 Bg5+
37.Kd1 Be3 38.Rc6  1-0

[Event "Queenstown Classic"]
[Site "Queenstown NZL"]
[Date "2009.01.23"]
[Round "9"]
[White "Tan,Ju2"]
[Black "McNabb,M"]
[Result "1/2-1/2"]
[WhiteElo "1870"]
[BlackElo "2095"]

1.e4 c5 2.Nf3 d6 3.d4 cxd4 4.Nxd4 Nf6 5.Nc3 a6 6.Be3 e6 7.f3 b5 8.g4 Bb7
9.Qd2 h6 10.O-O-O Nbd7 11.h4 Nb6 12.Qf2 Nfd7 13.Rg1 g5 14.hxg5 hxg5 15.Be2 Be7
16.Rh1 Rh4 17.Rxh4 gxh4 18.Bd3 b4 19.Nce2 Na4 20.Nb3 Bf6 21.Bd4 Ne5 22.Kb1 Rc8
23.Nf4 Nxd3 24.Nxd3 Rc4 25.Bxf6 Qxf6 26.Na5 Rc7 27.Qa7 Qxf3 28.Re1 Rxc2 29.Kxc2 Bxe4
30.Qe3 Qxe3 31.Rxe3 Nc5 32.Nc4 Bxd3+ 33.Rxd3 Nxd3 34.Kxd3 h3 35.Nxd6+ Ke7
36.Ne4 f5 37.gxf5 exf5 38.Nf2 h2 39.Ke3 Ke6 40.Kf4 Kd5 41.Kxf5 Kd4 42.Kf4 h1=Q
43.Nxh1 Kd3 44.Nf2+ Kc2 45.b3 Kb2 46.Nd3+ Kxa2 47.Nc5 Ka3 48.Ke3 a5 49.Kd2 a4
50.bxa4 b3 51.Kc1 b2+ 52.Kb1  1/2-1/2

[Event "ch-PriFO"]
[Site "Kazan RUS"]
[Date "2009.01.24"]
[Round "4"]
[White "Frolyanov,D"]
[Black "Ivanov,Ro"]
[Result "1-0"]
[WhiteElo "2564"]
[BlackElo "2252"]

1.e4 c5 2.Nf3 d6 3.d4 cxd4 4.Nxd4 Nf6 5.Nc3 a6 6.Be3 e5 7.Nf3 Be7 8.Bc4 O-O
9.O-O Nbd7 10.a4 b6 11.Re1 Bb7 12.Bg5 h6 13.Bxf6 Nxf6 14.Qe2 Qc7 15.Rad1 g6
16.Bb3 Rac8 17.Nd2 Kg7 18.Qf3 Qc5 19.Nc4 Qb4 20.Ne3 Qa5 21.Ng4 Nxg4 22.Qxg4 Rc7
23.Re3 f5 24.exf5 Rxf5 25.Nd5 Bxd5 26.Rxd5 b5 27.Qe2 Bg5 28.Red3 Rcf7 29.Rxd6 Rxf2
30.Qxe5+ Bf6 31.Rxf6 R2xf6 32.Bxf7 Qb6+ 33.Re3 Kxf7 34.a5 Qd8 35.h3 h5 36.c3 Qd7
37.b3 Rf5 38.Qe4 Kg7 39.Re1 Qc7 40.Qd4+ Kh6 41.Re8 Rf1+ 42.Kxf1 Qf7+ 43.Ke2 Qxe8+
44.Qe3+  1-0

[Event "TCh-HUN 2008-9"]
[Site "Budapest HUN"]
[Date "2009.01.25"]
[Round "6"]
[White "Gara,A"]
[Black "Antok,D"]
[Result "1-0"]
[WhiteElo "2312"]
[BlackElo "2273"]

1.e4 c5 2.Nf3 d6 3.d4 cxd4 4.Nxd4 Nf6 5.Nc3 a6 6.Be3 e5 7.Nf3 Qc7 8.a4 b6
9.Nd5 Nxd5 10.Qxd5 Bb7 11.Qb3 Bxe4 12.Ng5 Bg6 13.Bc4 h6 14.Bxb6 Qd7 15.Bd5 Nc6
16.Ne6 Rc8 17.Nxf8 Kxf8 18.O-O Ne7 19.Bc4 Bxc2 20.Qxc2 Qc6 21.Qd3 Qxb6 22.Bxa6 Rd8
23.Qb5 Nc8 24.Qxb6 Nxb6 25.a5 Nd7 26.Bb7 Ke7 27.b4 Rb8 28.a6 d5 29.Bxd5 Rxb4
30.a7 Nb6 31.a8=Q Nxa8 32.Rxa8 Rxa8 33.Bxa8 f5 34.Re1 Kf6 35.f3 Ra4 36.Bd5 Rd4
37.Bc6 Rc4 38.Bb5 Rb4 39.Bd3 g6 40.Kf2 h5 41.Rb1 Ra4 42.Rb2 Kf7 43.Ke3 Kf6
44.Rb6+ Kf7 45.Rc6 Kg7 46.Re6 Ra5 47.Bc4 h4 48.Ra6 Rc5 49.Kd3 Rc7 50.Re6  1-0

[Event "TCh-HUN 2008-9"]
[Site "Paks HUN"]
[Date "2009.01.25"]
[Round "6"]
[White "Bobras,P"]
[Black "Szabo,Krisz1"]
[Result "1-0"]
[WhiteElo "2565"]
[BlackElo "2520"]

1.e4 c5 2.Nf3 d6 3.d4 cxd4 4.Nxd4 Nf6 5.Nc3 a6 6.Be3 e5 7.Nb3 Be6 8.Qd2 Nbd7
9.f3 b5 10.O-O-O Be7 11.g4 b4 12.Ne2 d5 13.g5 d4 14.Nexd4 exd4 15.Nxd4 Nh5
16.Nc6 Qc7 17.Nxe7 Kxe7 18.Qxb4+ Ke8 19.Rd6 a5 20.Qa3 Rc8 21.c3 Rb8 22.Be2 Ne5
23.Rhd1 Bc4 24.Bxc4 Qxc4 25.Qxa5 f6 26.gxf6 gxf6 27.Rd8+ Rxd8 28.Qxd8+ Kf7
29.Qxh8 Qxa2 30.Qxh7+ Ng7 31.Rg1 Nd3+ 32.Kd2 Qxb2+ 33.Kxd3 Qb5+ 34.Kd2 Qb2+
35.Kd1 Qb3+ 36.Ke2 Qb5+ 37.Kf2  1-0

[Event "TCh-HUN 2008-9"]
[Site "Szombathely HUN"]
[Date "2009.01.25"]
[Round "6"]
[White "Horvath,Ad1"]
[Black "Macak,S"]
[Result "1-0"]
[WhiteElo "2514"]
[BlackElo "2546"]

1.e4 c5 2.Nf3 d6 3.d4 cxd4 4.Nxd4 Nf6 5.Nc3 a6 6.Be3 e5 7.Nf3 Be7 8.Bc4 O-O
9.O-O Be6 10.Bb3 Nc6 11.Bg5 Nd7 12.Bxe7 Qxe7 13.Nd5 Qd8 14.c3 b5 15.Qe2 Na5
16.Rfd1 Nc5 17.Bc2 Nc4 18.Rab1 Bxd5 19.Rxd5 Ne6 20.g3 Qe7 21.Bb3 Nb6 22.Rd2 Rfd8
23.Rbd1 Rab8 24.Nh4 g6 25.Ng2 Nc7 26.Ne3 a5 27.a3 Nc8 28.Nd5 Nxd5 29.Rxd5 b4
30.cxb4 axb4 31.a4 Nb6 32.Rb5 Nd7 33.Bd5 Nc5 34.b3 Qc7 35.Qc4 Rxb5 36.axb5 Rb8
37.Qxb4 Qb6 38.Bc6 Rd8 39.Qa4 Qc7 40.Ra1 Rb8 41.h4 Kg7 42.b4 Ne6 43.Qa7 Qxa7
44.Rxa7 Nd4 45.Bd5 Rxb5 46.Rxf7+ Kh8 47.Rb7 Rxb7 48.Bxb7 Kg7 49.Kg2 Kf6 50.f4 Ke7
51.Bd5 Kf6 52.Kf2 Nb5 53.Ke3 Ke7 54.Kd3 h6 55.Ke3 Nd4 56.Kf2 Nb5 57.Kf3 Kf6
58.Kg4 Na7 59.Bc4 Nc8 60.b5 Nb6 61.Bb3 Nd7 62.Bd5 Nb6 63.Kf3 Nc8 64.Ke3 exf4+
65.gxf4 Nb6 66.Bb3 g5 67.fxg5+ hxg5 68.h5 Kg7 69.Bd1 Kf6 70.Kd4 Kg7 71.e5 dxe5+
72.Kc5 Nc8 73.Bg4 e4 74.Bxc8 e3 75.Bg4  1-0

[Event "1st Open"]
[Site "Gurgon IND"]
[Date "2009.01.27"]
[Round "8"]
[White "Djuraev,S"]
[Black "Adhiban,B"]
[Result "1-0"]
[WhiteElo "2353"]
[BlackElo "2504"]

1.e4 c5 2.Nf3 d6 3.d4 cxd4 4.Nxd4 Nf6 5.Nc3 a6 6.Be3 Ng4 7.Bc1 Nc6 8.Be2 Nge5
9.Nb3 e6 10.f4 Nd7 11.O-O Be7 12.a4 O-O 13.Be3 b6 14.Qe1 Bb7 15.Rd1 Qc7 16.Qg3 Bf6
17.f5 Be5 18.Bf4 Nf6 19.Bxe5 Nxe5 20.Nd4 Rae8 21.Kh1 Ned7 22.fxe6 fxe6 23.Nf3 e5
24.Nd2 Nc5 25.Qe3 Ne6 26.Bc4 Kh8 27.Bxe6 Rxe6 28.b3 Rc8 29.Nc4 Qc5 30.Qxc5 Rxc5
31.Rf3 h6 32.Nxd6 Re7 33.h3 Ba8 34.Rd2 Kh7 35.Re3 Rd7 36.Rg3 Rc6 37.Nc4 Rxd2
38.Nxd2 b5 39.axb5 axb5 40.b4 Ra6 41.Nxb5 Ra2 42.Na3 Nxe4 43.Nxe4 Bxe4 44.c4 Bxg2+
45.Kg1 e4 46.Rc3 Bf3 47.c5 Rd2 48.b5 Rd3 49.Rxd3 exd3 50.Nc4 Bd5 51.Nd2 Kg6
52.Kf2 Kf5 53.Ke3 Ke6 54.Kxd3 Bg2 55.Kd4 g5 56.c6 h5 57.Ne4 g4 58.hxg4 h4
59.b6 h3 60.b7  1-0

[Event "XXXIV Open"]
[Site "Seville ESP"]
[Date "2009.01.29"]
[Round "7"]
[White "Salgado Lopez,I"]
[Black "Berbatov,K"]
[Result "1-0"]
[WhiteElo "2554"]
[BlackElo "2392"]

1.e4 c5 2.Nf3 d6 3.d4 cxd4 4.Nxd4 Nf6 5.Nc3 a6 6.Be3 e6 7.Qd2 b5 8.f3 Nbd7
9.O-O-O Bb7 10.Kb1 Rc8 11.g4 Nb6 12.Bd3 Nfd7 13.f4 Nc4 14.Bxc4 Rxc4 15.Rhe1 b4
16.Nd5 exd5 17.exd5 Be7 18.Qe2 Rc7 19.Nf5 O-O 20.g5 g6 21.Nh6+ Kg7 22.Bd4+ Bf6
23.Nf5+ gxf5 24.gxf6+ Kh8 25.Rg1 Bxd5 26.Qh5 Rg8 27.Rxg8+ Qxg8 28.Rg1 Bg2
29.Qe2 Rc8 30.Rxg2 Qe8 31.b3 Qe4 32.Qxe4 fxe4 33.Rg7 Rf8 34.a3 bxa3 35.Ka2 Nb8
36.Kxa3 Nc6 37.Be3 Nd8 38.c4 Ne6 39.Rg4 Rg8 40.Rxg8+ Kxg8 41.f5 Nd8 42.Bh6 Nc6
43.b4 Ne5 44.Kb3 Ng4 45.b5 axb5 46.cxb5 Nxf6 47.Kc4 Nd7 48.Kd5 Nb6+ 49.Kxd6 e3
50.Bxe3 Nc4+ 51.Kc5 Nxe3 52.b6  1-0

[Event "7th Gibtelecom Masters"]
[Site "Caleta ENG"]
[Date "2009.01.30"]
[Round "4"]
[White "Fruebing,S"]
[Black "Obiamiwe,P"]
[Result "1-0"]
[WhiteElo "2307"]
[BlackElo "2035"]

1.e4 c5 2.Nf3 d6 3.d4 cxd4 4.Nxd4 Nf6 5.Nc3 a6 6.Be3 Ng4 7.Bc1 Nf6 8.f4 g6
9.Be2 Bg7 10.Bf3 Nbd7 11.a4 O-O 12.O-O Qb6 13.a5 Qc7 14.Kh1 Rb8 15.Re1 e6
16.Be3 b6 17.e5 dxe5 18.fxe5 Nxe5 19.Bf4 Nfd7 20.Nc6 Rb7 21.Qe2 f6 22.Ne7+ Kh8
23.Nxc8 Qxc8 24.Bxb7 Qxb7 25.axb6 Qxb6 26.b3 a5 27.Be3 Qb4 28.Nb5 Qh4 29.Ra4 Qh5
30.Qxh5 gxh5 31.Nc7 Rc8 32.Nxe6 Rxc2 33.Rxa5 Bf8 34.Ra8 Kg8 35.Nxf8 Nxf8
36.Bh6 Nd7 37.Re7  1-0